Представление документа в формате MARC21

Поле Инд. ПП Название Значение
Тип записи a
Библиографический уровень m
001 Контрольный номер RU/IS/BASE/391879188
005 Дата корректировки 20250915104223.0
020 a ISBN 978-5-7609-0705-9
040 a Служба первич. каталог. НБ ТвГУ
b Код языка каталог. rus
e Правила каталог. PSBO
041 0_ a Код языка текста rus
080 a Индекс УДК 159.928.22(075.8)
080 a Индекс УДК 159.922.76-056.45(075.8)
084 a Индекс другой классификации/Индекс ББК Ю937.24я73-1
084 a Индекс другой классификации/Индекс ББК Ю983.7я73-1
090 a Полочн. индекс Ю937.2
x Авторский знак К 52
100 1_ a Автор Клюева Ольга Анатольевна
q Полное имя Клюева О. А.
245 10 a Заглавие Творческий потенциал конкурентоспособной личности
b Продолж. заглавия учебное пособие
c Ответственность М-во образования и науки РФ, ФГБОУ ВПО "Твер. гос. ун-т"
260 a Место издания Тверь
b Издательство Тверской государственный университет
c Дата издания 2011
300 a Объем 95 с.
504 a Библиография Библиогр.: с. 88-93 (84 назв.) и в подстроч. примеч.
520 a Аннотация Учебное пособие подготовлено в соответствии с содержанием проекта № 2.2.2.4/10349 "Инновационные технологии повышения эффективности системы воспроизводства научно-педагогических кадров высшей школы в инфраструктуре многоуровнего и послевузовского профессионального образования" аналитической ведомственной целевой программы "Развитие научного потенциала высшей школы (2009 - 2011)". В пособии представлены наиболее популярные проблемы психологии одаренности.
653 a Ключевые слова Детская одаренность
a Ключевые слова Диагностика одаренности
a Ключевые слова Конкурентоспособность личности
a Ключевые слова Личность
a Ключевые слова Образование одаренных детей
a Ключевые слова Одаренная личность
a Ключевые слова Одаренность
a Ключевые слова Одаренные дети
a Ключевые слова Психология личности
a Ключевые слова Психология одаренности
a Ключевые слова Учебники для вузов
710 a Организация/ юрисдикция Тверской государственный университет
856 u URL http://texts.lib.tversu.ru/texts/991204ogl.pdf
z Примечание для пользователя Участвует в КО
901 t Тип документа m
920 a Оператор Густ
930 a Новая/Ретро учебники
952 c Вид литературы К ру
954 a Дата поступления на обработку 20120605